| 000 | 01879nam a2200385 a 4500 | ||
|---|---|---|---|
| 001 | ebr10676214 | ||
| 003 | CaPaEBR | ||
| 006 | m u | ||
| 007 | cr cn||||||||| | ||
| 008 | 080116s2008 cauabf sb 001 0 eng d | ||
| 010 | _z 2008002078 | ||
| 020 | _z9780520254459 (cloth : alk. paper) | ||
| 020 | _z0520254457 (cloth : alk. paper) | ||
| 020 | _z9780520934603 (e-book) | ||
| 040 |
_aCaPaEBR _cCaPaEBR |
||
| 035 | _a(OCoLC)808600811 | ||
| 043 | _aa-cc--- | ||
| 050 | 1 | 4 |
_aDS777.5316.W8 _bM33 2008eb |
| 082 | 0 | 4 |
_a951.04/2 _222 |
| 100 | 1 | _aMacKinnon, Stephen R. | |
| 245 | 1 | 0 |
_aWuhan, 1938 _h[electronic resource] : _bwar, refugees, and the making of modern China / _cStephen R. MacKinnon ; includes photographs by Robert Capa. |
| 246 | 3 | 0 | _aWar, refugees, and the making of modern China |
| 260 |
_aBerkeley : _bUniversity of California Press, _cc2008. |
||
| 300 |
_axiv, 182 p., [24] p. of plates : _bill., maps. |
||
| 500 | _a"A Philip E. Lilienthal book"--P. facing t.p. | ||
| 504 | _aIncludes bibliographical references (p. 149-168) and index. | ||
| 505 | 0 | _aWuhan before the war -- Defending central China, 1938: military leadership and strategy -- The battle for Xuzhou and the defense of Wuhan -- Wuhan's refugee crisis -- Culture and the press -- Mobilizing youth -- Romantic Hankou: the international dimension. | |
| 533 |
_aElectronic reproduction. _bPalo Alto, Calif. : _cebrary, _d2013. _nAvailable via World Wide Web. _nAccess may be limited to ebrary affiliated libraries. |
||
| 650 | 0 |
_aSino-Japanese War, 1937-1945 _zChina _zWuhan Shi. |
|
| 651 | 0 |
_aWuhan Shi (China) _xHistory _y20th century. |
|
| 655 | 7 |
_aElectronic books. _2local |
|
| 700 | 1 |
_aCapa, Robert, _d1913-1954. |
|
| 710 | 2 | _aebrary, Inc. | |
| 856 | 4 | 0 |
_uhttp://site.ebrary.com/lib/rucke/Doc?id=10676214 _zAn electronic book accessible through the World Wide Web; click to view |
| 999 |
_c57970 _d57970 |
||